Educar ciudadanos: la polémica liberal comunitarista en educación
Na minha lista:
| Autor principal: | |
|---|---|
| Formato: | Livro |
| Idioma: | espanhol |
| Publicado em: |
Pamplona
EUNSA
1995
|
| Assuntos: | |
| Tags: |
Adicionar Tag
Sem tags, seja o primeiro a adicionar uma tag!
|
MARC
| LEADER | 00000nam a2200000 a 4500 | ||
|---|---|---|---|
| 001 | UCR8919 | ||
| 003 | CL-VaPUC | ||
| 008 | 980605e19950000SP |||||||||||||||||spa|d | ||
| 082 | 0 | 4 | |a 370.19 |b NAV |2 21 |
| 100 | |a Naval, Concepción |e autora |9 584534 | ||
| 245 | 1 | 0 | |a Educar ciudadanos: la polémica liberal comunitarista en educación |
| 300 | |a 450 p | ||
| 942 | |c BK | ||
| 945 | |d 19980605 00:00:00 |a mvenant | ||
| 260 | |a Pamplona |b EUNSA |c 1995 | ||
| 650 | 0 | |a Sociología de la educación |9 260380 | |
| 650 | 0 | |a Liberalismo |9 255715 | |
| 650 | 0 | |a Ciudadanía |9 258339 | |
| 650 | 0 | |a Educación moral |9 308319 | |
| 650 | 0 | |a Ética |9 255099 | |
| 583 | |a last modification |c 19980605 00:00:00 |k Rodrigo Vera | ||
| 999 | |c 270214 |d 270212 | ||
| 952 | |0 0 |1 0 |4 0 |6 370_190000000000000_NAV_1995 |7 0 |8 A |9 304365 |a BIBEDU |b BIBEDU |d 2019-11-20 |i 3430839 |o 370.19 NAV 1995 |p 3430839 |r 2019-11-20 |w 2019-11-20 |y BK |k FIL | ||